New-technology roofing membranes (Record no. 5090)
[ view plain ]
| 000 -LEADER | |
|---|---|
| fixed length control field | 01056cab a2200193 4500 |
| 001 - CONTROL NUMBER | |
| control field | ABS38040 |
| 008 - FIXED-LENGTH DATA ELEMENTS--GENERAL INFORMATION | |
| fixed length control field | 090401t1987 xxu||||| |||| 00| 0 eng d |
| 035 ## - SYSTEM CONTROL NUMBER | |
| System control number | (Sirsi) u8301 |
| 041 ## - LANGUAGE CODE | |
| Language code of text/sound track or separate title | eng |
| 245 ## - TITLE STATEMENT | |
| Title | New-technology roofing membranes |
| 260 ## - PUBLICATION, DISTRIBUTION, ETC. | |
| Date of publication, distribution, etc. | 1987 |
| 350 ## - PRICE (NR) (BK AM CF MU VM SE) [OBSOLETE] | |
| Price | 0 |
| 490 ## - SERIES STATEMENT | |
| Series statement | Building Research and Practice |
| Volume/sequential designation | May/June 1987, 146-156(10) |
| 520 ## - SUMMARY, ETC. | |
| Summary, etc. | Summary of a report by CIB and RILEM on the use of elastomeric,thermoplastic and polymer-modified bitumen for low-slope roofs . The major emphasis of the report is an identification of test procedures and criteria which can provide a basis for performance documents. A survey was first conducted to establish use and experience of elastomeric and polymeric roofing materials among thirteen countries. Properties which would be important to the performance of these materials were considered and a set of test procedures developed from these. Appendices of results of studies. |
| 650 ## - SUBJECT ADDED ENTRY--TOPICAL TERM | |
| Topical term or geographic name entry element | MEMBRANES |
| 690 ## - LOCAL SUBJECT ADDED ENTRY--TOPICAL TERM (OCLC, RLIN) | |
| Topical term or geographic name as entry element | BUILT ENVIRONMENT-BUILDING MATERIALS |
| 942 ## - ADDED ENTRY ELEMENTS (KOHA) | |
| Suppress in OPAC | 0 |
| 948 ## - LOCAL PROCESSING INFORMATION (OCLC); SERIES PART DESIGNATOR (RLIN) | |
| c (OCLC) | 04/03/1997 |
| Withdrawn status | Lost status | Source of classification or shelving scheme | Damaged status | Not for loan | Home library | Current library | Shelving location | Date acquired | Total Checkouts | Full call number | Barcode | Date last seen | Copy number | Price effective from | Koha item type |
|---|---|---|---|---|---|---|---|---|---|---|---|---|---|---|---|
| Dewey Decimal Classification | London | London | Journal article | 14/09/1999 | ABS38040 | 8301-1001 | 06/08/2019 | 1 | 06/08/2019 | Journal article |